| 000 | 01612cam a22003738i 4500 | ||
|---|---|---|---|
| 999 |
_c174650 _d174650 |
||
| 001 | 19032556 | ||
| 003 | Nust | ||
| 005 | 20170206112517.0 | ||
| 008 | 160328s2016 enk b 001 0 eng | ||
| 010 | _a 2016014286 | ||
| 020 | _a9781119010906 (cloth) | ||
| 040 |
_aDLC _beng _cDLC _erda _dDLC |
||
| 042 | _apcc | ||
| 050 | 0 | 0 |
_aTK4058 _b.G49 2016 |
| 082 | 0 | 0 |
_a621.46 GEY _223 |
| 100 | 1 |
_aGeyer, Tobias, _d1975- _eauthor. |
|
| 245 | 1 | 0 |
_aModel predictive control of high power converters and industrial drives / _cTobias Geyer. |
| 250 | _aFirst edition. | ||
| 263 | _a1609 | ||
| 264 | 1 |
_aChichester, West Sussex, United Kingdom : _bJohn Wiley & Sons, Inc., _c2016. |
|
| 300 | _apages cm | ||
| 336 |
_atext _btxt _2rdacontent |
||
| 337 |
_aunmediated _bn _2rdamedia |
||
| 338 |
_avolume _bnc _2rdacarrier |
||
| 504 | _aIncludes bibliographical references and index. | ||
| 650 | 0 |
_aElectric motors _xAutomatic control. |
|
| 650 | 0 |
_aElectric driving _xAutomatic control. |
|
| 650 | 0 |
_aElectric current converters _xAutomatic control. |
|
| 650 | 0 | _aPower electronics. | |
| 650 | 0 | _aPredictive control. | |
| 776 | 0 | 8 |
_iOnline version: _aGeyer, Tobias, 1975- author. _tModel predictive control of high power converters and industrial drives _bFirst edition. _dChichester, West Sussex, United Kingdom : John Wiley & Sons, Inc., 2016 _z9781119010869 _w(DLC) 2016015090 |
| 906 |
_a7 _brip _corignew _d1 _eecip _f20 _gy-gencatlg |
||
| 942 |
_2ddc _cBK |
||